| 000 | 00902nam a22002897a 4500 | ||
|---|---|---|---|
| 001 | BR8700232 | ||
| 003 | BR-BrBNA | ||
| 005 | 20230928092329.0 | ||
| 007 | ta | ||
| 008 | 230509b bl.||||| |||| 00| 0 por d | ||
| 040 |
_aBR-BrBNA _bpor _cBiblioteca Nacional de Agricultura |
||
| 041 | _a(Por) | ||
| 072 |
_aK10; P06 _b8905 _b/G514 |
||
| 090 | _ 8905 BR8700232 | ||
| 110 | 1 |
_aBanco de Desenvolvimento de Minas Gerais, Belo Horizonte (Brasil) _91074 |
|
| 245 | 1 | _aPrograma de reflorestamento em Minas Gerais | |
| 260 | 3 |
_aBelo Horizonte, MG (Brasil): _c1980. |
|
| 300 | _a144 p. | ||
| 500 | _a(*) Documento disponível no(a) Banco de Desenvolvimento de Minas Gerais, Belo Horizonte (Brazil) | ||
| 650 | _aREFLORESTAMENTO | ||
| 650 | _aMINAS GERAIS | ||
| 650 | _aCARVAO VEGETAL | ||
| 650 | _aPOLITICA FLORESTAL | ||
| 650 | _aMERCADO | ||
| 909 |
_a202309 _bLucia _c55 _dLucia Elande |
||
| 942 | _cBK | ||
| 999 |
_c38393 _d38393 |
||